Companies’ approach to protection and creation of the environment

Gespeichert in:
Bibliographische Detailangaben
1. Verfasser: Červeňová, Magdaléna, 1962-
Format: Buchkapitel
Sprache:Englisch
Tags: Tag hinzufügen
Keine Tags, Fügen Sie das erste Tag hinzu!

MARC

LEADER 00000nla a2200000 4500
001 0183816
005 20240502073139.8
041 0 |a eng 
044 |a SK 
245 1 0 |a Companies’ approach to protection and creation of the environment  |c Magdaléna Červeňová 
100 1 |a Červeňová, Magdaléna, 1962-